Teaching spoken english in colleges (Record no. 47648)

MARC details
000 -LEADER
fixed length control field 00391nam a2200133Ia 4500
008 - FIXED-LENGTH DATA ELEMENTS--GENERAL INFORMATION
fixed length control field 220805s9999 xx 000 0 und d
041 ## - LANGUAGE CODE
Language code of text/sound track or separate title eng
082 ## - DEWEY DECIMAL CLASSIFICATION NUMBER
Classification number 428.1
100 ## - MAIN ENTRY--PERSONAL NAME
Personal name Babu, Prabhakar B.A.
9 (RLIN) 86765
260 ## - PUBLICATION, DISTRIBUTION, ETC. (IMPRINT)
Place of publication, distribution, etc. Hyderabad
Name of publisher, distributor, etc. Central Institute of English and foreign languages
Date of publication, distribution, etc. 1993
245 ## - TITLE STATEMENT
Title Teaching spoken english in colleges
300 ## - PHYSICAL DESCRIPTION
Extent 138
650 ## - SUBJECT ADDED ENTRY--TOPICAL TERM
Topical term or geographic name as entry element English Languages
9 (RLIN) 86766
Holdings
Withdrawn status Lost status Damaged status Not for loan Collection code Home library Current library Date acquired Vendor Cost, normal purchase price Total Checkouts Full call number Barcode Date last seen Bill Date Koha item type Original Barcode
          Manilal Nanavati Vocational Training Institute Pune Manilal Nanavati Vocational Training Institute Pune 09/08/2022 Purchase 35.00   428.1/BAB/B44 MNVT-BK-44 09/08/2022 09/08/2022 Books B44
          Manilal Nanavati Vocational Training Institute Pune Manilal Nanavati Vocational Training Institute Pune 09/08/2022 Purchase 35.00   428.1/BAB/B45 MNVT-BK-45 09/08/2022 09/08/2022 Books B45